| 000 | 01373cam a22003373a 4500 | ||
|---|---|---|---|
| 001 | 20910 | ||
| 003 | PGUSA | ||
| 005 | 20140828083438.0 | ||
| 008 | 070326s2007||||xxu|||||s|||||000 | eng d | ||
| 040 |
_aPGUSA _beng |
||
| 042 | _adc | ||
| 050 | 4 | _aF1401 | |
| 100 | 1 |
_aBrady, Cyrus Townsend, _d1861-1920 |
|
| 245 | 1 | 0 |
_aSouth American Fights and Fighters, and Other Tales of Adventure _h[electronic resource] / _cCyrus Townsend Brady |
| 260 |
_bProject Gutenberg, _c2007 |
||
| 505 | 0 | _aPanama and the knights-errant of colonization -- Panama, Balboa and a forgotten romance -- Peru and the Pizarros -- The greatest adventure in history -- The yarn of the "Essex," whaler -- Some famous American duels -- The cruise of the "Tonquin" -- John Paul Jones -- In the caverns of the Pitt -- Being a boy out West. | |
| 506 | _aPublic domain in the USA. | ||
| 516 | _aElectronic text | ||
| 653 | _aPeru -- History -- Conquest, 1522-1548 | ||
| 653 | _aDueling | ||
| 653 | _aMexico -- History -- Conquest, 1519-1540 | ||
| 653 | _aEssex (Whaleship) | ||
| 653 | _aTonquin (Ship) | ||
| 653 | _aWashita Campaign, 1868-1869 | ||
| 653 | _aJones, John Paul, 1747-1792 | ||
| 653 | _aAmerica -- Discovery and exploration -- Spanish | ||
| 653 | _aPanama -- History | ||
| 830 | 0 |
_aProject Gutenberg _v20910 |
|
| 856 | 4 | 0 | _uhttp://www.gutenberg.org/ebooks/20910 |
| 942 | _cEB | ||
| 999 |
_c250165 _d250165 |
||